Wszyscy piłkarze powołani na Igrzyska Olimpijskie 2024 - Statystyki

Ogólne statystyki
  • Ten quiz został rozwiązany 20 razy
  • Średni wynik to 12 z 351
Statystyki odpowiedzi
Reprezentacja Numer Zawodnik % Poprawnych
9 Julian Alvarez
60%
16 Nicolas Otamendi
60%
10 Alexandre Lacazette
47%
2 Achraf Hakimi
40%
11 Fermin Lopez
40%
7 Diego Lopez
33%
5 Pau Cubarsi
33%
14 Eldor Shomurodov
27%
4 Eric Garcia
27%
13 Joan Garcia
27%
4 Joaquin Garcia
27%
17 Mohamed Elneny
27%
10 Thiago Almada
27%
8 Boubacar Traore
20%
5 Ezequiel Fernandez
20%
Argentyna 1 Geronimo Rulli
20%
13 Madiou Keita
20%
7 Marcelo Fernandez
20%
7 Michael Olise
20%
16 Mory Keita
20%
8 Naby Keita
20%
Paragwaj 1 Roberto Fernandez
20%
3 Abdukodir Khusanov
13%
10 Alex Baena
13%
Hiszpania 1 Anrau Tenas
13%
3 Bangaly Cisse
13%
8 Cristian Medina
13%
11 Desire Doue
13%
3 Hussein Ali
13%
19 Ibrahima Cherif Fofana
13%
5 Ibrahima Cisse
13%
15 Julio Enciso
13%
3 Junior Firpo
13%
18 Kein Sato
13%
8 Maghnes Akliouche
13%
11 Maksym Khlan
13%
12 Miles Robinson
13%
18 Rayan Cherki
13%
14 Santiago Hezze
13%
14 Shunsuke Mito
13%
17 Abdoulaye Toure
7%
9 Abel Ruiz
7%
16 Adrian Bernabe
7%
14 Aimar Oroz
7%
6 Amadou Diawara
7%
8 Benat Turrientes
7%
15 Benjamin Cremaschi
7%
8 Bilal El Khannous
7%
19 Blnd Hassan
7%
15 Bradley Locko
7%
17 Caleb Wiley
7%
9 Cheickna Doumbia
7%
20 Cherif Camara
7%
8 Diego Gomez
7%
17 Diego Gonzalez
7%
11 Enso Gonzalez
7%
2 Fode Doucoure
7%
18 Gabriel Slonina
7%
17 Giuliano Simeone
7%
16 Guillaume Restes
7%
9 Henry Camara
7%
Irak 1 Hussein Hassan
7%
15 Issiaga Camara
7%
14 Jean-Philippe Mateta
7%
20 Johan Gomez
7%
12 Jon Pacheco
7%
13 Joris Chotard
7%
3 Juan Miranda
7%
10 Koki Saito
7%
6 Kouadio Kone
7%
4 Loic Bade
7%
18 Marcelo Perez
7%
6 Marcos Gomez
7%
7 Matthew Garbett
7%
14 Omar de la Cruz
7%
11 Ousmane Camara
7%
6 Pablo Barrios
7%
11 Peter Gonzalez
7%
5 Rayane Doucoure
7%
21 Sergio Camello
7%
17 Sergio Gomez
7%
9 Soufiane Rahimi
7%
3 Walker Zimmermann
7%
8 Ziad Kamal
7%
19 Aaron Quiros
0%
7 Abbosbek Fayzullaev
0%
17 Abdessamad Ezzalzouli
0%
18 Abdurauf Buriev
0%
Uzbekistan 1 Abduvohid Nematov
0%
5 Adil Tahif
0%
15 Adi Yona
0%
3 Adrien Tuffert
0%
20 Ahmed Abdelnaby
0%
3 Ahmed Atef
0%
17 Ahmed Diomande
0%
4 Ahmed Eid
0%
5 Ahmed Maknzi
0%
12 Ahmed Nabil Koka
0%
14 Ahmed Sayed
0%
3 Akram Nakach
0%
2 Alan Nunez
0%
22 Alejandro Iturbe
0%
13 Alexis Cantero
0%
Nowa Zelandia 1 Alex Paulsen
0%
12 Algassime Bah
0%
16 Ali El Gabry
0%
7 Ali Jasim
0%
7 Aliou Balde
0%
20 Alisher Odilov
0%
14 Amadou Diallo
0%
18 Amir Richardson
0%
20 Andy Diouf
0%
8 Angel Montes de Oca
0%
22 Anthony Nunez
0%
9 Arnaud Kalimuendo
0%
16 Arseniy Batahov
0%
21 Artem Shulyanskyi
0%
16 Asadbek Rakhimzonov
0%
14 Ayano Preda
0%
18 Aymen Hussein
0%
16 Ayumu Ohata
0%
21 Bekhruz Askarov
0%
6 Benjamin Bouchouari
0%
8 Ben Old
0%
9 Ben Waine
0%
21 Bilal El Ouadghiri
0%
18 Bilal Mazhar
0%
13 Brahima Diarra
0%
6 Bruno Amione
0%
2 Castello Lukeba
0%
19 Chrislain Matsima
0%
11 Claudio Echeverri
0%
6 Coli Saco
0%
19 Cristhian Mosquera
0%
4 Daniel Rivas
0%
14 Danylo Sikan
0%
14 Demba Diallo
0%
17 Diyor Kholmatov
0%
14 Djordje Mihailović
0%
18 Dmytro Kryskiv
0%
9 Dor Turgeman
0%
13 Duncan McGuire
0%
4 Edgar Pujol
0%
10 Edison Azcona
0%
13 Elad Madmon
0%
13 Eliesse Ben Seghir
0%
20 El Mehdi El Moubarik
0%
15 El Mehdi Maouhoub
0%
13 Enrique Bosl
0%
12 Enzo Millot
0%
8 Ethan Azoulay
0%
16 Fabian Balbuena
0%
15 Fabian Messina
0%
22 Fabricio Iacovich
0%
22 Facundo Insfran
0%
20 Fady Sidiki Coulibaly
0%
21 Federico Redondo
0%
14 Fernando Roman
0%
16 Fin Conchie
0%
5 Finn Surman
0%
2 Francisco Marizan
0%
20 Fuki Yamada
0%
6 Gianluca Busio
0%
5 Gilberto Flores
0%
13 Gonzalo Juan
0%
9 Griffin Yow
0%
20 Gustavo Caballero
0%
3 Hamidou Diallo
0%
Egipt 1 Hamza Alaa
0%
22 Hassan Abbas
0%
22 Hassane Sadawie Diarra
0%
19 Haytam Manaout
0%
6 Heinz Morschel
0%
22 Henry Gray
0%
Ukraina 1 Heorhiy Yermakov
0%
4 Hiroki Sekine
0%
5 Hossam Abdelmaguid
0%
4 Husniddin Aliqulov
0%
9 Hussein Abdullah
0%
20 Hussein Amer Ojaimi
0%
10 Ibrahim Adel
0%
8 Ibrahim Bayesh
0%
19 Ibrokhim Ibrokhimov
0%
6 Ibrokhimkhalil Yuldoshev
0%
19 Idan Gorno
0%
17 Ido Shahar
0%
9 Ihor Krasnopir
0%
10 Ilaix Moriba
0%
2 Ilay Feingold
0%
10 Ilias Akhomach
0%
2 Illya Krupskyi
0%
20 Isaac Hughes
0%
21 Issoufi Maiga
0%
12 Issouf Sissokho
0%
16 Jack McGlynn
0%
19 Jake Davis
0%
10 Jasurbek Jaloliddinov
0%
14 Jay Herdman
0%
11 Jesse Randall
0%
19 Jesus Baez
0%
12 Joao Urbaez
0%
6 Joe Bell
0%
8 Joel Chima Fujita
0%
22 John Pulskamp
0%
5 John Tolkin
0%
17 Jose de Leon
0%
2 Josef Al Imam
0%
21 Josh Atencio
0%
20 Juanlu Sanchez
0%
20 Juan Nardoni
0%
3 Julio Soler
0%
21 Kaito Suzuki
0%
13 Karim El Debes
0%
14 Karrar Mohammed
0%
13 Karrar Saad
0%
12 Kees Sims
0%
7 Kevin Paredes
0%
9 Kevin Parzajuk
0%
7 Kevin Zenon
0%
22 Khamidillo Abdunabiev
0%
9 Khausayin Norchaev
0%
5 Kiliann Sildillia
0%
12 Kiril Fesyun
0%
19 Kodai Sano
0%
15 Kota Takai
0%
12 Kumel Al Rekabe
0%
20 Kyrylo Siheyev
0%
21 Lachlan Bayliss
0%
22 Lassana Diakhaby
0%
Mali 1 Lassine Diarra
0%
21 Lass Kourouma
0%
12 Leandro Brey
0%
Japonia 1 Leo Kokubo
0%
21 Lesley Ugochukwu
0%
19 Liam Gilion
0%
11 Liel Abada
0%
18 Lucas Beltran
0%
15 Luciano Gondou
0%
5 Luiyi de Lucas
0%
13 Lukas Kelly-Heald
0%
7 Mahmoud Saber
0%
10 Maksym Braharu
0%
4 Maksym Taloverov
0%
4 Mamadou Tounkara
0%
11 Mao Hosoya
0%
2 Marco Di Cesare
0%
2 Marc Pubill
0%
22 Masato Sasaki
0%
15 Matthew Sheridan
0%
4 Maximilian Dietz
0%
4 Mehdi Boukamir
0%
2 Michael Boxall
0%
15 Miguel Gutierrez
0%
19 Mohamadou Lamine Bah
0%
15 Mohamed Cisset
0%
21 Mohamed El Maghrabi
0%
19 Mohamed Hamdy
0%
22 Mohamed Reda Asmama
0%
22 Mohamed Seha
0%
6 Mohamed Shehata
0%
4 Mohamed Soumah
0%
15 Mohamed Tarek
0%
11 Mostafa Saad
0%
18 Moussa Diakite
0%
5 Mukhammadkodir Khamraliev
0%
Maroko 1 Munir Mohamedi
0%
16 Muntadher Abdul Amir
0%
11 Muntadher Mohammed
0%
17 Mustafa Saadoon
0%
8 Mykola Mykhaylenko
0%
2 Naby Oulare
0%
2 Nathan Harriel
0%
16 Nelson Lemaire
0%
15 Nihad Mohammed
0%
18 Niv Eliasi
0%
20 Niv Yehoshua
0%
12 Noam Ben Harush
0%
21 Noam Malmoud
0%
18 Nowend Lorenzo
0%
Francja 1 Obed Nkambadio
0%
17 Oleh Fedor
0%
7 Oleh Ocheretko
0%
3 Oleksandr Martynyuk
0%
6 Oleksiy Sych
0%
2 Omar Fayed
0%
Izrael 1 Omer Nir'on
0%
6 Omri Gandelman
0%
16 Or Israelov
0%
9 Osama Faisal
0%
10 Oscar Gloukh
0%
7 Oscar Urena
0%
7 Osher Davida
0%
18 Oskar van Hattum
0%
11 Oston Urunov
0%
16 Oumar Coulibaly
0%
16 Oussama El Azzouzi
0%
14 Oussama Targhaline
0%
USA 1 Patrick Schulte
0%
11 Paxten Aaronson
0%
12 Rachid Ghanimi
0%
9 Rafael Nunez
0%
21 Ridha Fadhil
0%
7 Rihito Yamamoto
0%
2 Riku Handa
0%
17 Riley Bidois
0%
12 Rodrigo Frutos
0%
3 Ronaldo Dejesus
0%
5 Roy Revivo
0%
22 Roy Sason
0%
21 Ruben Lezcano
0%
8 Ruslanbek Jiyanov
0%
13 Ryotaro Araki
0%
3 Ryuya Nishio
0%
4 Saad Natiq
0%
2 Saidazamat Mirsaidov
0%
10 Salam Jiddou
0%
3 Sam Sutton
0%
18 Samu Omorodion
0%
10 Sarpreet Singh
0%
3 Sean Goldberg
0%
5 Seiji Kimura
0%
18 Sekou Tidiany Bangoura
0%
9 Shota Fujio
0%
6 Sota Kawasaki
0%
Gwinea 1 Soumaila Sylla
0%
17 Soungoutou Magassa
0%
4 Stav Lemkin
0%
12 Taishi Brandon Nozawa
0%
8 Tanner Tessmann
0%
10 Taylor Booth
0%
22 Theo de Percin
0%
11 Thiemoko Diarra
0%
20 Thomas Jungbauer
0%
19 Tiago Caballero
0%
4 Tyler Bindon
0%
15 Umarali Rakhmonaliev
0%
5 Valentyn Rubchynskyi
0%
12 Vladimir Nazarov
0%
15 Vladyslav Veleten
0%
13 Volodymyr Salyuk
0%
10 Wilder Viera
0%
7 Wilson Samake
0%
Dominikana 1 Xavier Valdez
0%
22 Yakiv Kinareykin
0%
7 Yassine Kechta
0%
19 Yevhen Pavlyuk
0%
10 Youssef Amyn
0%
17 Yu Hirakawa
0%
13 Zafarmurod Abdurakhmatov
0%
6 Zaid Tahseen
0%
11 Zakaria El Ouahdi
0%
Nie znaleziono quizów pasujących do podanych kryteriów
Rozkład punktacji
Procent ludzi z każdym wynikiem
Percentyl według liczby udzielonych odpowiedzi
Twoja historia wyników
Nie rozwiązałeś tego quizu